| 000 | 00944cam a2200229 a 4500 | ||
|---|---|---|---|
| 001 | 000018787 | ||
| 005 | 20200929165846.0 | ||
| 008 | 100518s1967 sp 000 0 spa d | ||
| 040 |
_aDO-SdBNP _bspa _cBNPHU |
||
| 082 |
_axxx _bC146a |
||
| 100 | 1 |
_aCalderón de la Barca _qPedro Calderón de la Barca _940517 |
|
| 245 | 1 | 0 |
_aAutos sacramentales / _cCalderón de la Barca; edición, prólogo y notas Ángel Valbuena Prat. |
| 250 | _a5a ed. | ||
| 260 |
_aMadrid : _bEspasa-Calpe, _c1967. |
||
| 300 |
_a2 v. ; _c18 cm. |
||
| 490 | 0 |
_aClásicos castellanos _v69 |
|
| 500 | _aI--La cena del rey Balatasar-- El gran teatro del mundo-- La vida es sueño, II-- El pleito matrimonial del cuerpo y el alma-- Los encantos de la culpa-- Tu prójimo como a ti. | ||
| 504 | _aIncluye referencias bibliográficas y notas al pie de páginas. | ||
| 700 | 1 |
_aValbuena Prat, Ángel _bed. _936751 |
|
| 830 | 0 |
_aClásicos castellanos; _v69 _94180 |
|
| 049 | _aBNGR | ||
| 999 |
_c18307 _d18307 |
||